A szerkesztőséghez érkező levelek egyikéből idézzük [részlet] /

Elmentve itt :
Bibliográfiai részletek
Szerző: Zelei Miklós
Dokumentumtípus: Cikk
Megjelent: 1968
Sorozat:Tiszatáj 22 No. 9
Kulcsszavak:Könyvkiadás - Magyarország - regionális
Online Access:http://tiszataj.bibl.u-szeged.hu/5423
LEADER 00630nab a2200181 i 4500
001 tisza5423
005 20200330131115.0
008 170428s1968 hu o 0|| hun d
022 |a 0133-1167 
040 |a SZTE Tiszatáj Archívum  |b hun 
041 |a hun 
100 1 |a Zelei Miklós 
245 1 2 |a A szerkesztőséghez érkező levelek egyikéből idézzük   |h [elektronikus dokumentum] :  |b [részlet] /  |c  Zelei Miklós 
260 |c 1968 
300 |a 849 
490 0 |a Tiszatáj  |v 22 No. 9 
695 |a Könyvkiadás - Magyarország - regionális 
856 4 0 |u http://tiszataj.bibl.u-szeged.hu/5423/1/tiszataj_1968_009_0849.pdf  |z Dokumentum-elérés